| 000 | 00708 a2200205 4500 | ||
|---|---|---|---|
| 020 | _a0534371736 | ||
| 040 |
_aDLC _bEnglish |
||
| 082 | 0 | 0 | _a621.382/16 |
| 100 | 1 | _aProakis, John G. | |
| 245 | 1 | 0 |
_aContemporary communication systems using MATLAB _cJohn G. Proakis, Masoud Salehi. |
| 250 | _aUpdated print. | ||
| 260 |
_aPacific Grove, CA : _bBrooks/Cole, _c2000. |
||
| 300 |
_axiii, 428 p. : _bill. ; _c23 cm. |
||
| 490 | 1 | _aBookWare companion series | |
| 650 | 0 |
_aData transmission systems _xComputer simulation. |
|
| 650 | 0 |
_aTelecommunication systems _xComputer simulation. |
|
| 700 | 1 | _aSalehi, Masoud. | |
| 830 | 0 | _aBookWare companion series (Pacific Grove, Calif.) | |
| 942 |
_cBK _k621.38216 PRO _2ddc |
||
| 999 |
_c8263 _d8263 |
||